Loading...
| Literature - Long Fiction | 1 | 4 | 1 | 1 | 50 | 82 | 117.60 | 1 | 5 | 10.39 | 27.27 |
| Literature - Drama | 0 | 3 | 0 | 0 | 30 | 135 | 141.33 | 1 | 3 | 3.24 | 28.57 |
| Short Fiction and Other | 0 | 3 | 0 | 0 | 30 | 96 | 115.33 | 1 | 3 | 7.77 | 22.22 |
| Religion | 0 | 2 | 0 | 0 | 20 | 131 | 136.00 | 0 | 2 | 2.64 | 14.29 |
| Fine Arts - Classical Music | 0 | 2 | 0 | 0 | 20 | 98 | 98.00 | 1 | 2 | 7.07 | 16.67 |
| Literature - Poetry | 1 | 1 | 2 | 0 | 15 | 70 | 91.50 | 2 | 2 | 9.29 | 22.22 |
| Other Academic | 0 | 1 | 0 | 0 | 10 | 121 | 121.00 | 0 | 1 | 1.37 | 5.56 |
| Fine Arts - Other | 0 | 1 | 1 | 0 | 5 | 132 | 132.00 | 0 | 1 | 1.01 | 3.85 |
| Social Science | 0 | 2 | 4 | 0 | 0 | 131 | 135.50 | 0 | 2 | 1.31 | 7.14 |
| Philosophy | 0 | 1 | 2 | 0 | 0 | 105 | 105.00 | 1 | 1 | 2.95 | 11.11 |
| Fine Arts - Painting and Sculpture | 0 | 1 | 2 | 0 | 0 | 95 | 95.00 | 0 | 1 | 3.88 | 5.56 |
| History - World | 0 | 0 | 1 | 0 | -5 | 0.00 | 0 | 0 | 0.00 | 0.00 | |
| Mythology | 0 | 0 | 1 | 0 | -5 | 0.00 | 0 | 0 | 0.00 | 0.00 | |
| History - American | 0 | 0 | 1 | 0 | -5 | 0.00 | 0 | 0 | 0.00 | 0.00 |